| 000 | 00995nac a22003137a 4500 | ||
|---|---|---|---|
| 001 | BR2017002889 | ||
| 003 | BR-BrBNA | ||
| 005 | 20240105124046.0 | ||
| 008 | 230509b bl.|||m| |||| 00| 0 por d | ||
| 040 |
_aBR-BrBNA _bpor _cBiblioteca Nacional de Agricultura |
||
| 072 | _aF01 | ||
| 090 | _a0336 BR2017002889 | ||
| 100 | 1 | _aDebiasi, H. | |
| 100 | 1 | _aFranchini, J.C. | |
| 100 | 1 | _aBalbinot Junior, A.A. | |
| 100 | 1 | _aConte, O. | |
| 110 | 1 | _aEMBRAPA Soja, Londrina, PR (Brasil) | |
| 245 | 1 | _aDiversificação de espécies vegetais como fundamento para a sustentabilidade da cultura da soja | |
| 260 | 3 |
_aLondrina, PR (Brasil): _c2015. |
|
| 300 | _a60 p. | ||
| 490 |
_aDocumentos - EMBRAPA Soja (Brazil) _vno. 366 _x1516-781X |
||
| 500 | _a18 ref.; 32 illus. | ||
| 650 | _aSOJA | ||
| 650 | _aDIVERSIFICAÇÃO DE CULTURA | ||
| 650 | _aCONSORCIAÇÃO DE CULTURA | ||
| 650 | _aCOMPACTAÇÃO DO SOLO | ||
| 909 |
_a202312 _bLúcia Elande _c55 _dLúcia Elande |
||
| 942 |
_2AGRIS _n0 _cMS |
||
| 999 |
_c298187 _d298187 |
||